[Event "Aeroflot Open Rapid Qualifier 2013"]
[Site "Moscow RUS"]
[Date "2013.02.13"]
[Round "5.12"]
[White "Bukavshin,I"]
[Black "Potkin,V"]
[Result "1-0"]
[WhiteElo "2522"]
[BlackElo "2665"]

1.Nf3 d5 2.c4 c6 3.e3 Nf6 4.Nc3 e6 5.d4 Nbd7 6.Bd3 dxc4 7.Bxc4 b5 8.Bd3 Bd6
9.Bd2 Bb7 10.Rc1 Rc8 11.a3 a5 12.O-O O-O 13.e4 e5 14.dxe5 Nxe5 15.Nxe5 Bxe5
16.Qe2 Re8 17.f3 h6 18.Rfd1 Qd6 19.g3 Qe6 20.Be3 h5 21.Bb1 h4 22.g4 Nh7 23.g5 Nf8
24.f4 Bxc3 25.Rxc3 c5 26.Rxc5 Rxc5 27.Bxc5 Ng6 28.f5 Qe5 29.Bd6 Nf4 30.Qd2 Nh3+
31.Kf1  1-0

[Event "Aeroflot Open Rapid Qualifier 2013"]
[Site "Moscow RUS"]
[Date "2013.02.13"]
[Round "6.14"]
[White "Bukavshin,I"]
[Black "Kobalia,M"]
[Result "1-0"]
[WhiteElo "2522"]
[BlackElo "2652"]

1.Nf3 d5 2.c4 c6 3.e3 Nf6 4.Nc3 e6 5.d4 a6 6.Bd3 dxc4 7.Bxc4 b5 8.Be2 c5
9.O-O Bb7 10.dxc5 Qxd1 11.Rxd1 Bxc5 12.Nd2 Nbd7 13.Nb3 Rc8 14.a4 b4 15.Na5 Rc7
16.Na2 Bd5 17.Bd2 Bxa2 18.Rxa2 O-O 19.Nb3 Ra8 20.Nxc5 Nxc5 21.Bxb4 Nd5 22.Be1 Rb8
23.Rc1 Rcc8 24.Kf1 h6 25.a5 Rc6 26.Bxa6 Rxa6 27.Rxc5 Kf8 28.Rc4 Rb3 29.e4 Nf4
30.Rb4 Rxb4 31.Bxb4+ Ke8 32.Bd2 Nd3 33.b4  1-0

[Event "17th Lienz Open 2013"]
[Site "Lienz AUT"]
[Date "2013.02.14"]
[Round "7.16"]
[White "Bodner,A"]
[Black "Dimitriadis,M"]
[Result "0-1"]
[WhiteElo "1924"]
[BlackElo "2104"]

1.Nf3 d5 2.d4 Nf6 3.c4 c6 4.e3 e6 5.Nc3 Nbd7 6.Bd3 dxc4 7.Bxc4 b5 8.Bd3 Bd6
9.O-O O-O 10.e4 e5 11.d5 cxd5 12.Bxb5 d4 13.Bc6 Ba6 14.Re1 Rc8 15.Bxd7 Qxd7
16.Ne2 Nxe4 17.Nexd4 Nxf2 18.Kxf2 exd4 19.Kg1 Bc5 20.Kh1 f6 21.Qb3+ Qf7 22.Qa4 Qc4
23.Qd7 Rf7 24.Qf5 Rd8 25.Bd2 Qd5 26.Qxd5 Rxd5 27.Re8+ Rf8 28.Rae1 Rxe8 29.Rxe8+ Kf7
30.Rb8 Rd7 31.b4 Bd6 32.Rh8 Be5 33.Rxh7 Be2 34.Rh8 Bxf3 35.gxf3 Rc7 36.f4 Bd6
37.Rh3 Ke6 38.Rd3 Kd5 39.Be3 Rc4 40.Bd2 Ke4 41.Rg3 g5 42.Rg1 Bxf4 43.Bxf4 Kxf4
44.Rf1+ Ke5 45.Re1+ Kd5 46.Rf1 Rc6 47.Kg2 Re6 48.Rc1 d3 49.Kf3 Kd4 50.Rc8 d2
51.Rd8+ Kc3 52.Kg4 Re1  0-1

[Event "Chess Classic ELO Open 2013"]
[Site "Baden-Baden GER"]
[Date "2013.02.15"]
[Round "9.12"]
[White "Kuehn,Kolja"]
[Black "Partenheimer,A"]
[Result "1/2-1/2"]
[WhiteElo "1944"]
[BlackElo "2188"]

1.d4 d5 2.c4 c6 3.Nc3 Nf6 4.e3 e6 5.Nf3 Nbd7 6.Bd2 Be7 7.Be2 dxc4 8.Bxc4 O-O
9.Rc1 c5 10.O-O b6 11.Ne2 Bb7 12.Nf4 Nd5 13.Nd3 a6 14.dxc5 Nxc5 15.Nde5 b5
16.Bxd5 Bxd5 17.Nd4 Qd6 18.Bb4 Qxe5 19.Bxc5 Bxc5 20.Rxc5 Qd6 21.Rc2 Bxa2
22.b3 e5 23.Rxa2 exd4 24.Qxd4 Qxd4 25.exd4 Rfd8 26.Rd1 a5 27.Kf1 Kf8 28.Ke2 a4
29.bxa4 Rxa4 30.Rxa4 bxa4 31.Kd3 Ra8 32.Ra1 Ke7 33.Kc4 Kd6 34.Kb4 Kd5 35.Ka3 Kxd4
36.Rd1+ Ke5 37.Rd7 Ke6 38.Rd4 Ra7 39.Rxa4 Rd7 40.Rf4 f5 41.h4 Ke5 42.g3 Rd4
43.Rf3 f4 44.Rc3 fxg3 45.Rxg3 Kf6 46.Rh3 Rf4 47.f3 Kg6 48.Kb3 Kh5 49.Kc3 Rxh4
50.Rg3 g5 51.Kd3 Ra4 52.Rh3+ Kg6 53.Ke3 h5 54.Rh1 Kf5 55.Rb1 Ra3+ 56.Kf2 Ra4
57.Rb2 Kf4 58.Kg2 h4 59.Rc2 Rd4 60.Rb2 Ke3 61.Rb4 Rd2+ 62.Kh3 Rf2 63.Ra4 Kxf3
64.Ra3+ Ke4  1/2-1/2

[Event "17th Lienz Open 2013"]
[Site "Lienz AUT"]
[Date "2013.02.15"]
[Round "8.33"]
[White "Goeslbauer,H"]
[Black "Zanon,Magnus"]
[Result "0-1"]
[WhiteElo "1993"]
[BlackElo "1863"]

1.d4 d5 2.Nf3 c6 3.c4 e6 4.Nc3 Nf6 5.e3 Bd6 6.Bd3 Nbd7 7.O-O O-O 8.b3 b6
9.Bb2 Bb7 10.Rc1 e5 11.dxe5 Nxe5 12.Bb1 Re8 13.Nxe5 Bxe5 14.cxd5 Nxd5 15.Qc2 Qh4
16.g3 Qh3 17.Nxd5 cxd5 18.Bd4 Bc8 19.Qb2 Bg4 20.f3 Bxd4 21.Qxd4 Be6 22.Rc3 Qh5
23.Qf4 d4 24.exd4 Bh3 25.Be4 Bxf1 26.Kxf1 Rac8 27.Rxc8 Rxc8 28.g4 Qb5+ 29.Kf2 Qa5
30.a4 Qc3 31.Qf5 g6 32.Qd7 Qc7 33.Qxc7 Rxc7 34.h4 Rc3 35.Bd5 Rd3 36.Bc4 Rxd4
37.Ke3 Rd6 38.g5 Kf8 39.Ke4 Ke7 40.Bd5 Rd8 41.Ke5 Rf8 42.f4 f6+ 43.gxf6+ Rxf6
44.Be4 Re6+ 45.Kd4 Kd6 46.f5 gxf5 47.Bxf5 Rh6  0-1

[Event "Aeroflot Open Rapid KO"]
[Site "Moscow RUS"]
[Date "2013.02.15"]
[Round "1.3"]
[White "Reshetnikov,Al"]
[Black "Le Quang Liem"]
[Result "0-1"]
[WhiteElo "2508"]
[BlackElo "2705"]

1.c4 c6 2.Nc3 d5 3.d4 Nf6 4.e3 e6 5.Nf3 Nbd7 6.Qc2 b6 7.Bd3 Bb7 8.O-O Be7
9.e4 dxe4 10.Nxe4 O-O 11.Qe2 c5 12.Nxf6+ Bxf6 13.dxc5 Nxc5 14.Bc2 Qc7 15.Rb1 Rfd8
16.b4 Nd7 17.Bb3 Ne5 18.Nxe5 Bxe5 19.f4 Bd4+ 20.Kh1 Qc6 21.Bb2 h6 22.Rbd1 Bxb2
23.Qxb2 Qe4 24.Qf2 Ba6 25.Rc1 Rac8 26.Rfe1 Qd4 27.Qf3 Bxc4 28.Rxc4 Rxc4 29.Rd1 Qxd1+
30.Bxd1  0-1

[Event "Aeroflot Open Rapid KO"]
[Site "Moscow RUS"]
[Date "2013.02.15"]
[Round "1.2"]
[White "Dlugy,M"]
[Black "Sjugirov,S"]
[Result "1-0"]
[WhiteElo "2524"]
[BlackElo "2646"]

1.d4 d5 2.c4 c6 3.Nc3 Nf6 4.e3 e6 5.Nf3 Nbd7 6.Qc2 Bd6 7.Bd2 O-O 8.O-O-O b5
9.cxb5 c5 10.Kb1 Bb7 11.dxc5 Nxc5 12.Nd4 a6 13.f3 axb5 14.Ncxb5 Be7 15.b4 Na6
16.Qb3 Qd7 17.Bd3 g6 18.Bc3 e5 19.Nc2 d4 20.exd4 Bd5 21.Qb2 Nc7 22.Nca3 e4
23.Nxc7 Qxc7 24.Be2 exf3 25.gxf3 Rfb8 26.Rd2 Ra4 27.Rc1 Qa7 28.Nb5 Qd7 29.a3 Rxb5
30.Bxb5 Qxb5 31.Re1 Bd6 32.Rde2 Qd3+ 33.Qc2 Qb5 34.Bb2 Ra8 35.Re3 Qa6 36.Rc3 Qb7
37.h4 h5 38.Qd3 Kh7 39.Bc1 Be6 40.Qd2 Nd5 41.Rc5 Kg8 42.Rxe6 fxe6 43.Rc2 Bxb4
44.axb4 Qxb4+ 45.Qxb4 Nxb4 46.Rc7 Nd5 47.Rd7 Rf8 48.Rd6 Kf7 49.Bg5 Rb8+ 50.Kc2 Rb7
51.Kd3 Rb3+ 52.Ke4 Nf6+ 53.Kf4 Rb7 54.d5 Re7 55.Rc6 Re8 56.d6  1-0

[Event "ch-ROU 2013"]
[Site "Baile Olanesti ROU"]
[Date "2013.02.16"]
[Round "1.22"]
[White "Cornea,A"]
[Black "Dobre,ClC"]
[Result "0-1"]
[WhiteElo "1897"]
[BlackElo "2292"]

1.c4 c6 2.Nc3 d5 3.d4 Nf6 4.Nf3 e6 5.e3 Nbd7 6.a3 a6 7.b4 dxc4 8.Bxc4 Bd6
9.e4 e5 10.O-O O-O 11.Bb2 Bc7 12.Re1 exd4 13.Nxd4 Ne5 14.Ba2 Ng6 15.Nf5 Be5
16.Qc2 Be6 17.Ng3 a5 18.Rad1 Qc7 19.Bxe6 fxe6 20.Nb5 cxb5 21.Qxc7 Bxc7 22.f3 Rfd8
23.Ne2 Bb6+ 24.Bd4 Rxd4 25.Nxd4 e5 26.Kf1 Bxd4  0-1

[Event "TCh-CAT Div Hon 2013"]
[Site "Catalonia ESP"]
[Date "2013.02.16"]
[Round "5.3"]
[White "Vidarte Morales,A"]
[Black "Dominguez Pons,E"]
[Result "0-1"]
[WhiteElo "2345"]
[BlackElo "2302"]

1.Nf3 Nf6 2.c4 e6 3.Nc3 d5 4.d4 c6 5.e3 Nbd7 6.Qc2 Bd6 7.Be2 O-O 8.O-O a6
9.Rd1 Qe7 10.c5 Bc7 11.e4 dxe4 12.Nxe4 Nd5 13.a3 e5 14.Bc4 exd4 15.Bg5 f6
16.Bh4 Ne5 17.Nxe5 Bxe5 18.Nd6 Bxd6 19.cxd6 Qxd6 20.Bg3 Qd8 21.Rxd4 Be6 22.Bd3 h6
23.Rd1 Qd7 24.h3 Rfe8 25.Bh7+ Kh8 26.Rh4 Bg8 27.Be4 Qe7 28.Qc1 Rad8 29.Bg6 Rf8
30.Re1 Qd7 31.Bd6 Bh7 32.Bxf8 Bxg6 33.Bc5 Kh7 34.Be3 Kg8 35.Rg4 Bf5 36.Rg3 Kh7
37.Rd1 Qf7 38.Rd4 Qh5 39.Qd1 Qe8 40.Qf3 Qe5 41.Rh4 Be6 42.Re4 Qf5 43.Reg4 Qb1+
44.Kh2 Bxg4 45.Qxg4 g5 46.Qe6 Qg6 47.Bc5 f5 48.Qe2 Re8 49.Qd1 Qe6 50.Rb3 Qe5+
51.g3 b5 52.Bd4 Qe2 53.Qc1 Re6 54.Kg2 Qe4+  0-1

[Event "TCh-CZE Extraliga 2012-13"]
[Site "Czech Republic CZE"]
[Date "2013.02.16"]
[Round "5.6"]
[White "Zilka,S"]
[Black "Sosna,J"]
[Result "1-0"]
[WhiteElo "2529"]
[BlackElo "2385"]

1.d4 d5 2.c4 e6 3.Nf3 c6 4.e3 Nf6 5.Nc3 Nbd7 6.Bd3 Bd6 7.e4 dxe4 8.Nxe4 Nxe4
9.Bxe4 O-O 10.O-O h6 11.Bc2 e5 12.b3 exd4 13.Qxd4 Bc5 14.Qc3 Nf6 15.Bb2 Bg4
16.h3 Bh5 17.Ne5 Re8 18.g4 Bg6 19.Nxg6 fxg6 20.b4 Bf8 21.Bxg6 Re2 22.Rfe1 Rxe1+
23.Rxe1 a5 24.bxa5 Qxa5 25.Qe3 Qg5 26.Qxg5 hxg5 27.Bc1 Rxa2 28.Bxg5 Bc5 29.Be3 Bxe3
30.Rxe3 Ra8 31.Re7 Rb8 32.g5 Nh7 33.h4 Nf8 34.Bf7+ Kh7 35.h5 Rd8 36.Rxb7 Nd7
37.f4 Nc5 38.Rc7 Kh8 39.Kg2 Nd3 40.Kf3 c5 41.Ke4  1-0

[Event "Vladimir Petrov Memorial"]
[Site "Jurmala LAT"]
[Date "2013.02.16"]
[Round "6.5"]
[White "Kovalenko,I"]
[Black "Sandipan,C"]
[Result "1-0"]
[WhiteElo "2586"]
[BlackElo "2590"]

1.d4 d5 2.c4 c6 3.Nc3 Nf6 4.e3 e6 5.Nf3 Nbd7 6.Qc2 Bd6 7.b3 O-O 8.Bb2 a6
9.Be2 e5 10.cxd5 cxd5 11.dxe5 Nxe5 12.Rd1 Be6 13.O-O Rc8 14.Qb1 Nfg4 15.Nxe5 Bxe5
16.Bxg4 Bxg4 17.Rxd5 Qc7 18.h3 Be6 19.Rd3 Qa5 20.Qa1 Bb8 21.e4 Qg5 22.Nd5 Bxd5
23.exd5 Bd6 24.Qd1 Rfe8 25.g3 Qf5 26.Kg2 Qe4+ 27.Kh2 Qe2 28.Rd2 Qe4 29.a3 f6
30.Qh5 Re7 31.Qg4 f5 32.Qxe4 Rxe4 33.Kg2 g5 34.Rc1 Rce8 35.b4 Kf7 36.Bd4 Re2
37.Rcc2 Rxd2 38.Rxd2 Re1 39.g4 f4 40.Rd3 Re4 41.Kf3 Re1 42.Bb6 Ke7 43.Bd4 Kf7
44.Bc3 Rb1 45.Ke4 Kg6 46.Bd4 Re1+ 47.Kf3 Kf7 48.Bb6 Ke7 49.Bc5 Rc1 50.Bxd6+ Kxd6
51.Ke4 Rc2 52.Kf5 Rxf2 53.Kxg5 f3 54.Kf4 b5 55.g5 Rh2 56.Rxf3 Kxd5 57.Kg3 Ra2
58.h4 Ra1 59.Kg4 Ke4 60.Rh3 Rg1+ 61.Kh5 Kf5 62.Rf3+ Ke5 63.Rf6 a5 64.bxa5 Rg3
65.Rb6 Rxa3 66.Rxb5+ Kd6 67.Kh6 Kc6 68.Rf5  1-0

[Event "17th Lienz Open 2013"]
[Site "Lienz AUT"]
[Date "2013.02.16"]
[Round "9.14"]
[White "Schwenk,A"]
[Black "Loberg,J"]
[Result "0-1"]
[WhiteElo "2130"]
[BlackElo "2041"]

1.d4 d5 2.c4 c6 3.Nf3 Nf6 4.e3 e6 5.Nc3 Nbd7 6.Bd3 dxc4 7.Bxc4 b5 8.Bd3 Bb7
9.e4 b4 10.Na4 c5 11.Nxc5 Nxc5 12.dxc5 Bxc5 13.Qe2 h6 14.O-O Rc8 15.Nd2 O-O
16.Nb3 Bb6 17.a4 bxa3 18.Rxa3 e5 19.Bd2 Qd6 20.Re1 Rfd8 21.Bb1 Rc7 22.g3 Bc8
23.Be3 Be6 24.Nc1 Bxe3 25.Rxe3 Rb8 26.Rd1 Qb6 27.b3 Nd7 28.Bd3 Bxb3 29.Nxb3 Qxb3
30.Rb1 Qe6 31.Rxb8+ Nxb8 32.Qb2 Nc6 33.Bf1 Nd4 34.Ra3 Qb6 35.Qa2 Rc2 36.Qd5 Qf6
37.f4 exf4 38.Qa8+ Kh7 39.Qxa7 fxg3  0-1

[Event "Aeroflot Open Rapid Final"]
[Site "Moscow RUS"]
[Date "2013.02.16"]
[Round "1.2"]
[White "Mamedyarov,S"]
[Black "Le Quang Liem"]
[Result "1-0"]
[WhiteElo "2766"]
[BlackElo "2705"]

1.d4 d5 2.c4 c6 3.Nc3 Nf6 4.e3 e6 5.Nf3 Nbd7 6.Bd3 dxc4 7.Bxc4 b5 8.Bd3 Bb7
9.e4 b4 10.Na4 c5 11.e5 Nd5 12.O-O cxd4 13.Nxd4 g6 14.f4 Be7 15.f5 exf5 16.e6 N7f6
17.Bb5+ Kf8 18.Nxf5 gxf5 19.Bh6+ Kg8 20.Rxf5 fxe6 21.Rg5+ Kf7 22.Rg7+ Kf8
23.Qf3 Qd6 24.Rf1 Bc6 25.Qh5  1-0

[Event "ch-ROU 2013"]
[Site "Baile Olanesti ROU"]
[Date "2013.02.17"]
[Round "2.12"]
[White "Veneteanu,I"]
[Black "Grigore,N"]
[Result "0-1"]
[WhiteElo "2152"]
[BlackElo "2385"]

1.d4 d5 2.c4 e6 3.Nf3 c6 4.e3 Nf6 5.Nc3 Nbd7 6.Be2 dxc4 7.Bxc4 Bd6 8.O-O O-O
9.b3 Qe7 10.Bb2 e5 11.Re1 b5 12.Be2 Bb7 13.Rc1 Rfd8 14.Qc2 a6 15.Ne4 Nxe4
16.Qxe4 Nf6 17.Qb1 e4 18.Nd2 Re8 19.Nf1 Nd5 20.f3 Bb4 21.fxe4 Bxe1 22.exd5 Bd2
23.dxc6 Bxe3+ 24.Nxe3 Qxe3+ 25.Kh1 Bxc6  0-1

[Event "TCh-CZE Extraliga 2012-13"]
[Site "Czech Republic CZE"]
[Date "2013.02.17"]
[Round "6.1"]
[White "Matlakov,M"]
[Black "Michalik,P"]
[Result "1-0"]
[WhiteElo "2673"]
[BlackElo "2508"]

1.d4 Nf6 2.c4 e6 3.Nf3 d5 4.Nc3 c6 5.e3 Nbd7 6.Qc2 Bd6 7.b3 O-O 8.Bb2 e5
9.Be2 e4 10.Nd2 Nb8 11.h3 Be6 12.g4 Na6 13.a3 Nc7 14.O-O-O b5 15.c5 Be7 16.f4 exf3
17.Bxf3 a5 18.Ne2 a4 19.b4 Ne4 20.Nxe4 dxe4 21.Bxe4 Bb3 22.Qd3 Bxd1 23.Kxd1 Nd5
24.Bxh7+ Kh8 25.Be4 Bh4 26.Nc3 Ne7 27.Bf3 f5 28.Kc2 Qd7 29.d5 cxd5 30.Nxb5 Bf6
31.Bxf6 Rxf6 32.g5 Re6 33.Nd4 Re5 34.b5 Re8 35.h4 Nc8 36.Re1 f4 37.Qg6 Qe7
38.Kb2 fxe3 39.Nf5 Qd7 40.Bg4 Qxb5+ 41.Ka1 Qb7 42.Qh5+ Kg8 43.g6  1-0

[Event "Vladimir Petrov Memorial"]
[Site "Jurmala LAT"]
[Date "2013.02.17"]
[Round "12.5"]
[White "Kovalenko,I"]
[Black "Grachev,B"]
[Result "1-0"]
[WhiteElo "2586"]
[BlackElo "2693"]

1.d4 d5 2.c4 c6 3.Nc3 Nf6 4.e3 e6 5.Nf3 Nbd7 6.Qc2 a6 7.a3 g6 8.Be2 Bg7 9.O-O O-O
10.Bd2 b6 11.b4 Re8 12.Rfc1 e5 13.cxd5 cxd5 14.b5 exd4 15.Nxd4 Nc5 16.Rd1 a5
17.Rac1 Qd6 18.h3 Bd7 19.Be1 Rac8 20.Qa2 Nce4 21.Bf3 Nxc3 22.Bxc3 Ne4 23.Bxe4 Rxe4
24.Qb3 Ree8 25.Ne2 Bxc3 26.Rxc3 Be6 27.Nd4 a4 28.Qb2 Rxc3 29.Qxc3 Rc8 30.Qb2 Rc4
31.Ne2 Qc5 32.Rd2 Qc7 33.Qb1 Qc5 34.Qb2 Qc7 35.Qb1 Qc5 36.Qb2 Qc7 37.f4 Qe7
38.Kf2 Qh4+ 39.Kf3 Bf5 40.Ng3 Qe7 41.Nxf5 Qe4+ 42.Kf2 Qxf5 43.Kg3 h5 44.Qa1 Qe6
45.Rd3 Qe4 46.Qd1 h4+ 47.Kh2 Rc5 48.Qd2 Rxb5 49.Rd4 Qe6 50.Rxa4 Qf6 51.Rd4 Qe6
52.Qd3 Rc5 53.e4 dxe4 54.Rd8+ Kh7 55.Qd4 f6 56.Rd7+ Kh6 57.Rd6 Rc4 58.Qxb6 Qe8
59.Qf2 Qe7 60.Qxh4+ Kg7 61.Rd2 e3 62.Re2 Qe4 63.Qg3 Rc3 64.a4 Ra3 65.a5 Ra4
66.a6 Rxa6 67.Rxe3 Qb7 68.f5 g5 69.h4 Qf7 70.Qg4 Qc7+ 71.Rg3 Ra8 72.Qh5 Qf7
73.Qxf7+ Kxf7 74.hxg5 fxg5 75.Rxg5 Kf6 76.Rh5 Ra4 77.Kh3 Ra1 78.g3 Rb1 79.Kg4 Rb4+
80.Kh3 Rb1 81.Kh4 Ra1 82.Rh6+ Kxf5 83.g4+ Ke5 84.Kg5 Ra8 85.Rg6 Rh8 86.Rg7 Ra8
87.Re7+ Kd6 88.Re2 Rg8+ 89.Kf5 Rf8+ 90.Kg5 Rg8+ 91.Kf4 Rf8+ 92.Kg3 Rg8 93.Re1 Kd5
94.Re7 Kd6 95.Re4 Kd5 96.Kf3 Rf8+ 97.Rf4 Rg8 98.Rf5+ Ke6 99.Kg3 Rh8 100.Kf4 Rh7
101.Kg5 Rh8 102.Rf6+ Ke5 103.Rg6 Ra8 104.Rg7 Rb8 105.Re7+ Kd6 106.Rf7 Ke6
107.Kg6 Rg8+ 108.Rg7 Ra8 109.g5 Rb8 110.Ra7 Rg8+ 111.Kh6 Rh8+ 112.Kg7 Rb8
113.g6 Rb1 114.Kg8 Kf6 115.g7  1-0

[Event "TCh-HUN 2012-13"]
[Site "Nagykanizsa HUN"]
[Date "2013.02.17"]
[Round "7"]
[White "Galyas,M"]
[Black "Makk,R"]
[Result "1-0"]
[WhiteElo "2429"]
[BlackElo "2234"]

1.d4 d5 2.c4 c6 3.Nc3 Nf6 4.e3 e6 5.Nf3 Nbd7 6.Ne5 Nxe5 7.dxe5 Nd7 8.f4 Be7
9.cxd5 exd5 10.Bd3 O-O 11.O-O Nc5 12.f5 Nxd3 13.Qxd3 Re8 14.e4 dxe4 15.Qxe4 Bd6
16.Bf4 Qb6+ 17.Kh1 Qxb2 18.Qd3 Bb4 19.Ne4 Qa3 20.Qc2 Qa5 21.Rad1 Bf8 22.Ng5 Rxe5
23.Bxe5 Qxe5 24.Rde1 Qf6 25.Ne4 Qh4 26.Rd1 Rb8 27.g3 Qh3 28.Qf2 b6 29.Rd8 Qxf5
30.Qxf5 Bxf5 31.Rxb8 Bxe4+ 32.Kg1 g6 33.Re1 f5 34.Kf2 a5 35.Rxe4 fxe4 36.Ke3 Kg7
37.Rb7+ Kh6 38.Kxe4 Bc5 39.Rc7 a4 40.Kf3 a3 41.h4 Bd4 42.g4 g5 43.Ke4 Bf2
44.Kf5 Bxh4 45.Rxc6+ Kg7 46.Rxb6 Bf2 47.Rb7+ Kg8 48.Kxg5 Bd4 49.Kh6 Be3+
50.g5  1-0

[Event "ch-ROU 2013"]
[Site "Baile Olanesti ROU"]
[Date "2013.02.18"]
[Round "3.1"]
[White "Parligras,M"]
[Black "Dobre,ClC"]
[Result "1/2-1/2"]
[WhiteElo "2633"]
[BlackElo "2292"]

1.d4 d5 2.c4 c6 3.Nc3 Nf6 4.e3 e6 5.Nf3 Nbd7 6.Bd3 Bd6 7.e4 dxe4 8.Nxe4 Nxe4
9.Bxe4 e5 10.O-O exd4 11.Bg5 Nf6 12.Qxd4 Be7 13.Bc2 Qxd4 14.Nxd4 h6 15.Bh4 O-O
16.Rfe1 Bb4 17.Re2 Bg4 18.f3 Bc5 19.Bf2 Bd7 20.a3 Rad8 21.Rd1 Rfe8 22.Red2 Be6
23.Nxe6 Bxf2+ 24.Kxf2 Rxd2+ 25.Rxd2 Rxe6 26.Bf5 Re8 27.b4 Kf8 28.c5 g6 29.Bc2 a5
30.Rd6 Ke7 31.Bb3 axb4 32.axb4 Ra8 33.Ke3 Ra3 34.Rd3 Ne8 35.Kd4 Nc7 36.Kc3 Ne6
37.Kb2 Ra8 38.g3 Rd8 39.Rxd8 Nxd8 40.f4 Ne6 41.Kc3 f5 42.Kc4 Nc7 43.Kd4 Kf6
44.Bc4 Ne6+ 45.Kc3 g5 46.fxg5+ hxg5 47.Kb3 Nd4+ 48.Ka4 g4 49.Ka5 Ke5 50.Kb6 Nc2
51.b5 Nd4 52.bxc6 bxc6 53.Ba6  1/2-1/2

[Event "ch-Central Serbia 2013"]
[Site "Pozarevac SRB"]
[Date "2013.02.18"]
[Round "1.18"]
[White "Stevic,Dragan"]
[Black "Ratkovic,Miloj"]
[Result "0-1"]
[WhiteElo "1830"]
[BlackElo "2249"]

1.e3 d5 2.Nf3 Nf6 3.c4 c6 4.Nc3 e6 5.d4 Nbd7 6.Bd3 Bd6 7.O-O O-O 8.Re1 e5
9.cxd5 cxd5 10.e4 exd4 11.Nxd5 Nxd5 12.exd5 h6 13.Bc2 Qa5 14.Qxd4 Bxh2+ 15.Kxh2 Qc7+
16.Bf4 Qxc2 17.Bd6 Rd8 18.Qh4 Nf6 19.Be7 Ng4+ 20.Kg1 Rxd5 21.Rac1 Qf5 22.Rc7 Be6
23.Rxb7 Rd3 24.Rb4 Rxf3 25.gxf3 Ne5 26.Qe4 Nxf3+ 27.Qxf3 Qxf3 28.Re3 Qd1+
29.Kg2 Re8  0-1

[Event "ch-Central Serbia 2013"]
[Site "Pozarevac SRB"]
[Date "2013.02.19"]
[Round "2.6"]
[White "Cabrilo,G"]
[Black "Zajic,Milan"]
[Result "1/2-1/2"]
[WhiteElo "2437"]
[BlackElo "2245"]

1.Nf3 d5 2.c4 c6 3.e3 Nf6 4.Nc3 e6 5.d4 Nbd7 6.Qc2 Bd6 7.b3 O-O 8.Be2 Qe7
9.O-O h6 10.Bb2 b6 11.cxd5 exd5 12.Bd3 Re8  1/2-1/2

[Event "Reykjavik Open 2013"]
[Site "Reykjavik ISL"]
[Date "2013.02.20"]
[Round "3.30"]
[White "Stefansson,H"]
[Black "Mamedjarova,T"]
[Result "1-0"]
[WhiteElo "2496"]
[BlackElo "2280"]

1.d4 d5 2.c4 c6 3.Nf3 Nf6 4.Nc3 e6 5.e3 Bd6 6.Bd3 Nbd7 7.O-O O-O 8.e4 dxc4
9.Bxc4 e5 10.Bg5 h6 11.Bh4 Qe7 12.Re1 Bc7 13.d5 Nb6 14.Bb3 a6 15.Nd2 Rd8
16.Rc1 g5 17.Bg3 cxd5 18.exd5 Nbxd5 19.Nxd5 Nxd5 20.Qh5 Kg7 21.Rxc7 Nxc7
22.Bxf7 Bf5 23.Bxe5+ Kh7 24.Nf3 Ne6 25.h4 Rg8 26.Bc3 Raf8 27.Bxe6 Bxe6 28.Nxg5+  1-0

[Event "ch-ROU w 2013"]
[Site "Baile Olanesti ROU"]
[Date "2013.02.21"]
[Round "6.5"]
[White "Ilie,M"]
[Black "Cirlig,I"]
[Result "1-0"]
[WhiteElo "2003"]
[BlackElo "1777"]

1.d4 d5 2.c4 c6 3.Nf3 e6 4.e3 Nf6 5.Nc3 Nbd7 6.Bd3 dxc4 7.Bxc4 b5 8.Bd3 a6
9.O-O Bb7 10.Qe2 c5 11.Rd1 c4 12.Bc2 Be7 13.e4 O-O 14.e5 Nd5 15.Ne4 Nb4 16.Bb1 Qc7
17.Nfg5 h6 18.Nh3 Qc6 19.Qg4 f5 20.exf6 Nxf6 21.Nxf6+ Rxf6 22.a3 Nd5 23.Be4 Qd7
24.Qe2 Bd6 25.f4 Re8 26.g3 Rc8 27.Bd2 c3 28.bxc3 Nxc3 29.Bxc3 Rxc3 30.Nf2 Rxa3
31.Bxb7 Rxa1 32.Rxa1 Qxb7 33.Ne4 Qd5 34.Nxf6+ gxf6 35.Qd3 f5 36.Qc3 Qb7 37.Qb3 Qe4
38.Rxa6 Qxd4+ 39.Kg2 Kf7 40.Qxb5 Qe4+ 41.Kh3 Be7 42.Ra7 Qf3 43.Qa6 Qe4 44.Qd6  1-0

[Event "33rd TCh-IND 2013"]
[Site "Hyderabad IND"]
[Date "2013.02.21"]
[Round "2.4"]
[White "Thejkumar,M"]
[Black "Nath,R"]
[Result "1-0"]
[WhiteElo "2407"]
[BlackElo "2089"]

1.d4 d5 2.c4 c6 3.Nc3 Nf6 4.e3 e6 5.Nf3 Nbd7 6.Qc2 Bd6 7.e4 dxe4 8.Nxe4 Nxe4
9.Qxe4 c5 10.Bg5 Qb6 11.O-O-O cxd4 12.Nxd4 Nf6 13.Qf3 Be5 14.Be3 Bd7 15.Qe2 Qa6
16.Kb1 O-O-O 17.f3 Kb8 18.Qf2 Ka8 19.Be2 Rc8 20.Rc1 Rhd8 21.Rc3 Rc5 22.Rhc1 Bxd4
23.Bxd4 Ra5 24.a3 Bc6 25.Qe3 Rh5 26.h3 b5 27.Bxf6 gxf6 28.f4 Rh6 29.cxb5 Bxb5
30.Qf3+ Kb8 31.Bxb5  1-0

[Event "Reykjavik Open 2013"]
[Site "Reykjavik ISL"]
[Date "2013.02.21"]
[Round "4.29"]
[White "Urkedal,F"]
[Black "Thompson,I"]
[Result "1-0"]
[WhiteElo "2473"]
[BlackElo "2260"]

1.d4 d5 2.c4 c6 3.Nc3 Nf6 4.e3 e6 5.Nf3 Nbd7 6.Bd3 dxc4 7.Bxc4 b5 8.Bd3 Bd6
9.O-O O-O 10.Qc2 Bb7 11.Ng5 Bxh2+ 12.Kxh2 Ng4+ 13.Kg1 Qxg5 14.f3 Ngf6 15.e4 Qh4
16.Qf2 Qxf2+ 17.Kxf2 e5 18.Be3 Rfd8 19.Rad1 a6 20.dxe5 Nxe5 21.Be2 Rd7 22.Bd4 Re8
23.g4 h6 24.Kg3 Bc8 25.b4 g5 26.Rh1 Kh7 27.Rh2 Kg6 28.a4 h5 29.gxh5+ Kh6
30.a5 Nh7 31.f4 gxf4+ 32.Kxf4 f6 33.Rg2 Ng5 34.Ke3 Rde7 35.Rdg1 Ne6 36.Rf1 Nxd4
37.Rxf6+ Kh7 38.Kxd4 c5+ 39.bxc5 Bb7 40.Nd5 Re6 41.Rxe6 Rxe6 42.Bg4 Nc6+
43.Ke3 Rh6 44.Bf5+ Kh8 45.Rg5 b4 46.Kf4 b3 47.e5 b2 48.Nf6 Ne7 49.Rg1 Nd5+
50.Kg5 Nxf6 51.exf6 Be4 52.Kxh6  1-0

[Event "Zuerich Chess Challenge Blitz"]
[Site "Zuerich SUI"]
[Date "2013.02.22"]
[Round "3.1"]
[White "Anand,V"]
[Black "Gelfand,B"]
[Result "1-0"]
[WhiteElo "2780"]
[BlackElo "2740"]

1.d4 Nf6 2.c4 e6 3.Nf3 d5 4.Nc3 c6 5.e3 Nbd7 6.Qc2 b6 7.Bd3 Bb7 8.O-O Bb4
9.a3 Bxc3 10.bxc3 dxc4 11.Bxc4 c5 12.Qe2 O-O 13.a4 Qc7 14.Bb2 e5 15.Rfd1 Rac8
16.Bb5 e4 17.Nd2 Rfd8 18.a5 Nf8 19.axb6 axb6 20.dxc5 bxc5 21.c4 Ng6 22.Bc3 Qe7
23.Nf1 Ne5 24.Rxd8+ Rxd8 25.Ra7 Rb8 26.Ng3 Qc7 27.h3 g6 28.Qb2 Nd3 29.Qa1 Ne8
30.Nxe4 Qb6 31.Bxe8  1-0

[Event "Bundesliga 2012-13"]
[Site "Eppingen GER"]
[Date "2013.02.23"]
[Round "9"]
[White "Postojev,A"]
[Black "Diaz,Joa"]
[Result "1-0"]
[WhiteElo "2310"]
[BlackElo "2176"]

1.d4 d5 2.c4 c6 3.Nf3 Nf6 4.Nc3 e6 5.e3 Nbd7 6.Bd3 dxc4 7.Bxc4 b5 8.Bd3 a6
9.O-O c5 10.Qe2 Bb7 11.a3 Rc8 12.Rd1 Qc7 13.e4 cxd4 14.Nxd4 Bd6 15.g3 Bc5
16.Nb3 Bb6 17.a4 b4 18.Bf4 e5 19.Nd5 Nxd5 20.exd5 Qd6 21.Bf5 O-O 22.Be3 Bxe3
23.Qxe3 Rc7 24.Bxd7 Rxd7 25.Nc5 Rc7 26.Nxb7 Rxb7 27.Rac1 Rb6 28.a5 Rb5 29.Rc6 Qd8
30.d6 Qxa5 31.d7 Rbb8 32.Rc5 Qa2 33.Qxe5 Rbd8 34.Ra5 Qc4 35.Qd6 g6 36.Rc5 Qe6
37.Qc7 f6 38.Rcd5 h5 39.Rd6 Qg4 40.R6d4 Qe2 41.R4d2 Qe6 42.Qc2 Kg7 43.Re2 Qb6
44.Qe4 a5 45.Qe7+ Rf7 46.Qe8 Qc7 47.Re7 Rxe8 48.dxe8=N+  1-0

[Event "33rd TCh-IND 2013"]
[Site "Hyderabad IND"]
[Date "2013.02.23"]
[Round "4.1"]
[White "Thejkumar,M"]
[Black "Adhiban,Baskaran"]
[Result "0-1"]
[WhiteElo "2407"]
[BlackElo "2547"]

1.d4 Nf6 2.Nf3 e6 3.c4 d5 4.Nc3 c6 5.e3 Nbd7 6.Qc2 Bd6 7.g4 h6 8.Rg1 e5 9.cxd5 cxd5
10.Nb5 Bb8 11.Bd2 e4 12.g5 hxg5 13.Nxg5 Nb6 14.Qc5 Bd7 15.Nd6+ Bxd6 16.Qxd6 Qb8
17.Bb4 Qxd6 18.Bxd6 Ng8 19.f3 f6 20.fxe4 fxg5 21.Rxg5 dxe4 22.Rxg7 Nd5 23.Be5 Nge7
24.Bg2 Nf5 25.Rg5 Rf8 26.Bxe4 Nfxe3 27.Ke2 Rc8 28.a4 Be6 29.Rag1 Nc4 30.Rg6 Ke7
31.Rg7+ Rf7 32.Rxf7+ Bxf7 33.Rg7 Nxe5 34.dxe5 Nf4+ 35.Ke3 Ne6 36.Rg1 b6 37.a5 Rc5
38.axb6 axb6 39.Bd3 Rxe5+ 40.Kd2 Rh5 41.Rg2 Nf4 42.Rf2 Nxd3 43.Kxd3 Bd5 44.Kc3 Rh4
45.Kd3 Ke6 46.Kc3 Ke5 47.Re2+ Kd6 48.Rd2 Kc5 49.Kc2 b5 50.Re2 Be4+ 51.Kc1 Kd4
52.Kd2 Rh3 53.Rf2 Rf3 54.Re2 Rf1  0-1

[Event "Moscow Gov Cup A Rapid KO"]
[Site "Moscow RUS"]
[Date "2013.02.23"]
[Round "4.3"]
[White "Dragomarezkij,E"]
[Black "Mischuk,D"]
[Result "0-1"]
[WhiteElo "2363"]
[BlackElo "2330"]

1.d4 d5 2.c4 e6 3.Nc3 c6 4.e3 Nf6 5.Nf3 a6 6.Qc2 c5 7.cxd5 exd5 8.dxc5 Bxc5
9.Be2 Nc6 10.O-O Qe7 11.Rd1 Be6 12.a3 O-O 13.b4 Ba7 14.Bb2 Rac8 15.Qd3 Rfd8
16.Na4 Ne4 17.Nd4 Ne5 18.Qb3 Nc4 19.Nxe6 fxe6 20.Bd4 Bb8 21.g3 Rf8 22.Bc5 Qf7
23.f4 b5 24.Bxc4 dxc4 25.Qc2 Nxc5 26.Nxc5 Ba7 27.Rd6 Bxc5 28.bxc5 Rxc5 29.Rxa6 Rd5
30.Qe4 Re8 31.Rc1 Qf5 32.Qxf5 exf5 33.Kf2 Rd2+ 34.Kf3 Rd3 35.Re1 Rb3 36.Ra5 g6
37.h3 Re7 38.g4 fxg4+ 39.hxg4 Rc7 40.f5 c3 41.Rc1 Rb2 42.Ra8+ Kf7 43.Rd8 Ra2
44.Rd5 Rb2 45.Kf4 c2 46.Rd2 Rc3 47.e4 Rc4 48.Rh2 Kg7 49.Rd2 Kf6 50.g5+ Ke7
51.f6+ Ke6 52.Rh2 Rc5 53.Rh3 Rb1 54.Rhh1 Rxc1 55.Rxc1 Rc3 56.e5 Rc5 57.Kf3 Rxe5
58.Rxc2 Rxg5 59.Rc6+ Ke5 60.Rb6 Rf5+ 61.Ke3 Rxf6 62.Rxb5+ Kd6 63.a4 Rf1 64.Rb7 Rh1
65.a5 h5 66.a6 Ra1 67.Rb6+ Ke5 68.Rxg6 Kf5 69.Rh6 Kg5 70.Rc6 h4 71.Kd4 h3
72.Rc5+ Kg4 73.Rc6 h2 74.Rg6+ Kh5 75.Rg8 Rxa6  0-1